Türkiye iktisat tarihi: 1908-1985 / (Record no. 72550)
[ view plain ]
| 000 -LEADER | |
|---|---|
| fixed length control field | 00753 a2200265 4500 |
| 001 - CONTROL NUMBER | |
| control field | 72550 |
| 003 - CONTROL NUMBER IDENTIFIER | |
| control field | TR-AnTOB |
| 005 - DATE AND TIME OF LATEST TRANSACTION | |
| control field | 20230705001208.0 |
| 008 - FIXED-LENGTH DATA ELEMENTS--GENERAL INFORMATION | |
| fixed length control field | 081114s1988 tu tur |
| 041 ## - LANGUAGE CODE | |
| Language code of text/sound track or separate title | Türkçe |
| 050 ## - LIBRARY OF CONGRESS CALL NUMBER | |
| Classification number | HC492 |
| Item number | .B67 1988 |
| 090 ## - LOCALLY ASSIGNED LC-TYPE CALL NUMBER (OCLC); LOCAL CALL NUMBER (RLIN) | |
| Classification number (OCLC) (R) ; Classification number, CALL (RLIN) (NR) | HC492 .B67 1988 |
| 100 ## - MAIN ENTRY--PERSONAL NAME | |
| Personal name | Boratav, Korkut |
| Dates associated with a name | 1935- |
| 9 (RLIN) | 15475 |
| 245 #0 - TITLE STATEMENT | |
| Title | Türkiye iktisat tarihi: 1908-1985 / |
| Statement of responsibility, etc. | Korkut Boratav. |
| 264 #1 - PRODUCTION, PUBLICATION, DISTRIBUTION, MANUFACTURE, AND COPYRIGHT NOTICE | |
| Place of production, publication, distribution, manufacture | İstanbul : |
| Name of producer, publisher, distributor, manufacturer | Gerçek Yayınevi, |
| Date of production, publication, distribution, manufacture, or copyright notice | 1988 |
| 300 ## - PHYSICAL DESCRIPTION | |
| Extent | 158 p. ; |
| Dimensions | 20 cm. |
| 500 ## - GENERAL NOTE | |
| General note | Includes bibliographies. |
| 590 ## - LOCAL NOTE (RLIN) | |
| Local note | Sayın Celil Güngör tarafından bağışlanmıştır. |
| 651 #0 - SUBJECT ADDED ENTRY--GEOGRAPHIC NAME | |
| Geographic name | Turkey |
| General subdivision | Economic conditions |
| 9 (RLIN) | 80629 |
| Geographic name | Türkiye |
| General subdivision | Ekonomik durum |
| 9 (RLIN) | 80633 |
| 902 ## - LOCAL DATA ELEMENT B, LDB (RLIN) | |
| a | 0026641 |
| 903 ## - LOCAL DATA ELEMENT C, LDC (RLIN) | |
| a | Merkez Kutuphane |
| 945 ## - LOCAL PROCESSING INFORMATION (OCLC) | |
| a | SC, BS |
| 942 ## - ADDED ENTRY ELEMENTS (KOHA) | |
| Koha item type | Book |
| Withdrawn status | Lost status | Source of classification or shelving scheme | Materials specified (bound volume or other part) | Not for loan | Collection code | Home library | Current library | Shelving location | Date acquired | Source of acquisition | Serial Enumeration / chronology | Inventory number | Total Checkouts | Total Renewals | Total Holds | Full call number | Barcode | Date last seen | Date last checked out | Copy number | Date shelved | Koha item type |
|---|---|---|---|---|---|---|---|---|---|---|---|---|---|---|---|---|---|---|---|---|---|---|
| C.1 | Ödünç Verilebilir / Available | Genel Koleksiyon | Merkez Kütüphane | Merkez Kütüphane | Genel Koleksiyon / Main Collection | 14/12/2008 | Bağış / Donation | 1 | İKT | 1 | 1 | HC492 .B67 1988 | 0026641 | 13/12/2018 | 18/11/2018 | 1 | 21/04/2010 | Book |
